|
|
|
|
| LEADER |
01776nam a2200529 4500 |
| 001 |
ocn913410993 |
| 003 |
OCoLC |
| 005 |
20170124071031.4 |
| 006 |
m o d |
| 007 |
cr cnu---unuuu |
| 008 |
150707s2015 enk ob 000 0 eng d |
| 040 |
|
|
|a DG1
|b eng
|e rda
|e pn
|c DG1
|d N$T
|d DEBSZ
|d YDXCP
|d EBLCP
|d OCLCQ
|d OCLCF
|d OCLCQ
|d DEBBG
|d KSU
|d GrThAP
|
| 020 |
|
|
|a 9781118897386
|q electronic bk.
|
| 020 |
|
|
|a 1118897382
|q electronic bk.
|
| 020 |
|
|
|a 9781118897362
|q electronic bk.
|
| 020 |
|
|
|a 1118897366
|q electronic bk.
|
| 020 |
|
|
|z 9781118897393
|
| 024 |
7 |
|
|a 10.1002/9781118897362
|2 doi
|
| 029 |
1 |
|
|a DEBSZ
|b 44283585X
|
| 029 |
1 |
|
|a NLGGC
|b 395481260
|
| 029 |
1 |
|
|a CHVBK
|b 337836612
|
| 029 |
1 |
|
|a CHDSB
|b 006417692
|
| 029 |
1 |
|
|a DEBSZ
|b 449477002
|
| 029 |
1 |
|
|a DEBBG
|b BV043397934
|
| 035 |
|
|
|a (OCoLC)913410993
|
| 050 |
|
4 |
|a QC903
|
| 072 |
|
7 |
|a SCI
|x 030000
|2 bisacsh
|
| 072 |
|
7 |
|a SCI
|x 031000
|2 bisacsh
|
| 082 |
0 |
4 |
|a 551.5/253
|2 23
|
| 049 |
|
|
|a MAIN
|
| 100 |
1 |
|
|a Summerhayes, C. P.,
|e author.
|
| 245 |
1 |
0 |
|a Earth's climate evolution /
|c Colin P. Summerhayes.
|
| 264 |
|
1 |
|a Chichester, West Sussex, UK :
|b Wiley Blackwell,
|c 2015.
|
| 300 |
|
|
|a 1 online resource.
|
| 336 |
|
|
|a text
|b txt
|2 rdacontent
|
| 337 |
|
|
|a computer
|b c
|2 rdamedia
|
| 338 |
|
|
|a online resource
|b cr
|2 rdacarrier
|
| 504 |
|
|
|a Includes bibliographical references and index.
|
| 588 |
0 |
|
|a Print version record.
|
| 650 |
|
0 |
|a Climatic changes.
|
| 650 |
|
7 |
|a SCIENCE / Earth Sciences / Geography
|2 bisacsh
|
| 650 |
|
7 |
|a SCIENCE / Earth Sciences / Geology
|2 bisacsh
|
| 650 |
|
7 |
|a Climatic changes.
|2 fast
|0 (OCoLC)fst00864229
|
| 655 |
|
4 |
|a Electronic books.
|
| 655 |
|
0 |
|a Electronic books.
|
| 856 |
4 |
0 |
|u https://doi.org/10.1002/9781118897362
|z Full Text via HEAL-Link
|
| 994 |
|
|
|a 92
|b DG1
|